00421nam a2200145Ia 4500100002900000650001400029942000700043654001900050245003800069260003200107300000900139546001200148999001700160952009800177 aMcCabe/W.L/ Smith /J.C.  aChemistry cBK aChemical Engg. aUnit Operations of Chemical Engg. bMcGraw HillaNew Yorkc1976 a1028 aENGLISH c28748d28748 001040708AFTaCRCEbCRCEc1524 | 72d2023-03-17l0o pAFT6595r2023-03-17w2023-03-17yBK